Taylor Swift Vocab: Tortured Poets Edition - Statistics

General Stats
  • This quiz has been taken 170 times
  • The average score is 17 of 50
Answer Stats
Song Hint Answer % Correct
The Al_____ Pseudoscientific study of turning base metals into gold Al{chemy}
98%
Who's Afraid of Little Old Me? A frame where hangings take place G{allow}s
53%
lolm Ornamentally decorated with needlework Em{broider}ed
52%
I Hate It Here A young woman making her first appearance in society D{ebutante}
51%
The Albatross Consecrates or makes sacred by applying oil An{oint}s
50%
The Bolter Extremely cold Fr{igid}
50%
Who's Afraid of Little Old Me? In a miserable state of anguish or suffering Wr{etch}ed
48%
Who's Afraid of Little Old Me? Touched or rubbed lightly while passing Gr{az}ed
44%
I Can Fix Him Swelling waves or clouds of smoke/vapor B{illow}s
43%
Guilty as Sin? A private romantic meeting Tr{yst}
42%
So High School Twisted or wound together En{twin}ed
41%
I Hate It Here / But Daddy I Love Him Exhibiting maturity before the usual age Pr{ecocious}
41%
But Daddy I Love Him Verbal expressions of a character's inner thoughts when alone on stage S{oliloquie}s
41%
Peter Charming in a deceptive way B{eguil}ing
39%
How Did It End? Illnesses or afflictions M{aladie}s
39%
Peter To have disguised or gone about in costume M{asquerad}ed
39%
I Can Do It With a Broken Heart The outline or shadowy shape of an object S{ilhouette}
39%
lolm Exhibiting great courage and bravery V{aliant}
39%
Down Bad Insolent or childish behavior P{etulance}
37%
My Boy Only Breaks His Favorite Toys Small streams R{ivulet}s
36%
But Daddy I Love Him In a manner of pretending to be pious or virtuous S{anctimonious}ly
35%
The Black Dog Only understood by a select group E{soteric}
34%
The Smallest Man Who Ever Lived The state of total unconsciousness or forgetfulness Ob{livion}
33%
The Albatross A seductive woman who lures someone into desire or wrongdoing T{emptress}
33%
How Did It End? Deprived of or lacking something B{ereft}
32%
So High School To restrain, supress, or smother St{ifle}
32%
Imgonnagetyouback Of a former time, passed B{ygone}
30%
How Did It End? Someone who intrudes or becomes involved where they're not welcome In{terloper}
30%
I Can Do It With a Broken Heart To bend the path of a wave as it changes mediums Re{fract}
29%
lolm Revived or set burning again Re{kindl}ed
29%
My Boy Only Breaks His Favorite Toys A lengthy recitation or repetitive utterance L{itany}
28%
The Bolter In a gorgeous and impressive manner Sp{lendid}ly
28%
The Bolter An unscrupulous man C{ad}
27%
The Prophecy / So High School To strangle or restrict flow/movement Th{rottle}
27%
Robin Tied with a rope to restrict movement T{ether}ed
26%
The Prophecy The state of raw, undyed fabric (portmanteau of two colors) Gr{eige}
25%
The Albatross The raised feathers/hairs on an animal's neck when agitated H{ackle}s
25%
Who's Afraid of Little Old Me? Balanced, self-assured P{ois}ed
25%
But Daddy I Love Him To confer or present B{estow}
23%
How Did It End? To make a rapid succession of short, clacking noises R{attle}
23%
I Can Do It With a Broken Heart Shiny ornamental discs sewn onto clothing S{equin}
23%
Fresh Out The Slammer Shriveled from lack of moisture, faded W{ither}ed
23%
I Hate It Here Easily understandable, coherent L{ucid}
21%
But Daddy I Love Him Lively and noisy celebration R{evelry}
21%
But Daddy I Love Him People who deliberately attempt to disrupt or destroy S{aboteur}s
21%
But Daddy I Love Him Slender, extending stems or branches T{endril}s
20%
Guilty as Sin? Conformity to acceptable standards of behavior Pr{opriety}
18%
The Bolter Criticized in an abusive way Re{vil}ed
18%
Robin To limit, diminish, or cut short C{urtail}
16%
The Manuscript A coincidence of events that seem meaningfully related S{ynchronicity}
8%
No matching quizzes found
Score Distribution
Percent of People with Each Score
Percentile by Number Answered
Your Score History
You have not taken this quiz